00356nam a2200133Ia 4500003000400000008004100004020002300045040000800068100002400076245005600100260004000156300001500196365001100211LDD181029s9999 xx 000 0 und d a817992422Xc250.00 cLDD aAndrews, Charles F. 0aMahatma Gandhi his life & IdeascCharles F. Andrews aDelhibJaico Publishing Housec2006 axxxi, 301p b250.00